Stars d'internet - Mort Subite - Statistiques

Statistiques générales
  • Ce quiz a été pris 270 fois
  • Le résultat moyen est 7 sur 18
Answers on the Grid
Answers color-coded by a green-red scale on the quiz's grid according to % correct below.
Squeezie
Inoxtag
Michou
MrBeast
Pewdiepie
Zerator
Kameto
Norman
Mister V
Mcfly et Carlito
Léna Situations
Amixem
Gotaga
KSI
Logan Paul
Markiplier
IShowSpeed
Ibai
Mister W
MaximeClique
Le Grand JDay
FastFoodCuisine
Tibault InShape
Cyrilmp3
Pierre Crocs
MrPixel
Maxoubg
Jordy_off
Skendo
Tuto Facile
 
Statistiques - réponses
Réponse % Correct
Squeezie
57%
Amixem
53%
Inoxtag
53%
MrBeast
50%
Léna Situations
49%
Mister V
49%
Norman
49%
Gotaga
48%
Michou
48%
Mcfly et Carlito
47%
Kameto
41%
Logan Paul
38%
IShowSpeed
37%
Pewdiepie
36%
Zerator
34%
KSI
25%
Ibai
17%
Markiplier
5%
Aucun quiz correspondant
Distribution des résultats
% des personnes avec chaque résultat
Percentile par nombre de réponses
Votre historique - résultats
Vous n’avez pas pris ce quiz